Statistiques concernant Les parties du cerveau humain

Cliquez ici pour prendre le quiz!

Statistiques générales

  • Ce quiz a été pris 742 fois
  • Le résultat moyen est 5 sur 12

Statistiques - réponses

Réponse% Correct
Lobe frontal
88%
Cervelet
86%
Lobe pariétal
79%
Lobe temporal
76%
Lobe occipital
72%
Tronc cérébral
54%
Hypophyse
39%
Pont
39%
Thalamus
39%
Moelle allongée
32%
Corps calleux
22%
Hypothalamus
22%
Amygdale
19%
Mésencéphale
18%
Quatrième ventricule
17%
Hippocampe
16%
Fornix
13%
Troisième ventricule
12%
Glande pinéale
11%
Ventricules latéraux
11%

Distribution des résultats

Percentile par nombre de réponses

% des personnes avec chaque résultat

Votre développement - résultats

Vous n’avez pas pris ce quiz